Statistiques concernant Equipe Type d'Inazuma Eleven GO

Cliquez ici pour prendre le quiz!

Statistiques générales

  • Ce quiz a été pris 65 fois
  • Le résultat moyen est 10 sur 16

Statistiques - réponses

PostesClubNom% Correct
MC et CapitaineRaimonArion Sherwind
96%
MOCRaimonRiccardo Di Rigo
94%
BURaimonVictor Blade
91%
DCRaimonGabriel Garcia
85%
BUOmbre AncestraleTezcat
83%
DCGRaimonAitor Cazador
78%
MGLumière EternelleBailong
78%
GKAlliance du DragonQuentin Cinquedea
70%
MDCollege UniverselSol Daystar
70%
MCCollege des MiragesHarrold Houdini
59%
MCMont OlympeCronus Fourseasons
43%
DCDRoyal AcademyDracon Yale
41%
BUKirkwoodBay Laurel
39%
GKMers LunairesAlessandro Il Grande
37%
MCRage du DémonDamien Blackloch
6%
BUAlliance du DragonDavid Quintola
4%

Distribution des résultats

Percentile par nombre de réponses

% des personnes avec chaque résultat

Votre développement - résultats

Vous n’avez pas pris ce quiz